| 000 | 01317nam0a2200337 4500 | ||
|---|---|---|---|
| 001 | RU\NLR\bibl\1936423 | ||
| 005 | 20250616202855.0 | ||
| 010 |
_a978-5-94683-055-3 _9600 |
||
| 021 |
_aRU _b2012-55024 _94016 |
||
| 035 | _a(NLR Aleph) 001925723 | ||
| 090 |
_a3367077 _c3367077 |
||
| 100 | _a20120822d2012 |||y0rusy50 ca | ||
| 101 | 0 | _arus | |
| 102 | _aRU | ||
| 105 | _aa ||||||||| | ||
| 200 | 1 |
_aВспоминая прожитые годы _fГ.А. Комаров |
|
| 210 |
_aДимитровград _cUNIPress _d2012 |
||
| 215 |
_a220, [2] с. _cил., портр. _d22 |
||
| 606 | 1 |
_aВеликая Отечественная война _jВоспоминания, записки и т.п. _z1941 - 1945 _9903571 _3RU\NLR\auth\668893 |
|
| 606 | 1 |
_aБлокада Ленинграда _jВоспоминания, записки и т.п. _z1941 - 1944 _92077679 _3RU\NLR\auth\661253360 |
|
| 686 | _aТ3(2)722,013 | ||
| 686 | _aЦ35(2)722,013 | ||
| 700 | 1 |
_4070 _7ca _8rus _aКомаров _bГ. А. _cобществ. деятель _f1928-2015 _gГеннадий Александрович _9261352 _3RU\NLR\AUTH\770261408 |
|
| 801 | 0 |
_aRU _bNLR _c20120822 _gRCR |
|
| 801 | 1 |
_aRU _bNLR _c20120822 |
|
| 830 | _aАвт. по кн. | ||
| 942 | _cBOOK | ||
| 980 | _aNBR | ||
| 980 | _aNB | ||